Khi người đàn bà nổi tiếng

Đã lưu trong:
Sonraí Bibleagrafaíochta
Príomhúdar: Huỳnh, Văn Tới
Formáid: Leabhar
Teanga:Undetermined
Foilsithe: Đồng Nai Tổng hợp Đồng Nai 2006
Ábhair:
Clibeanna: Cuir Clib Leis
Gan Chlibeanna, Bí ar an gcéad duine leis an taifead seo a chlibeáil!
Thư viện lưu trữ: Trung tâm Học liệu Trường Đại học Cần Thơ
LEADER 00572nam a2200193Ia 4500
001 CTU_101271
008 210402s9999 xx 000 0 und d
020 |c 70000 
082 |a 895.922301 
082 |b T462 
100 |a Huỳnh, Văn Tới 
245 0 |a Khi người đàn bà nổi tiếng 
245 0 |c Huỳnh Văn Tới, Bùi Quang Huy 
260 |a Đồng Nai 
260 |b Tổng hợp Đồng Nai 
260 |c 2006 
650 |a Short stories, vietnamese 
904 |i Minh 
980 |a Trung tâm Học liệu Trường Đại học Cần Thơ